000 00565nam a2200193Ia 4500
003 LK-CoDNM
008 010623t2003 xxu||||| |||| 00| 1 sin d
040 _aLK-CoDNM
_dLK-CoDNM
_eLK-CoDNM
041 _asin
080 _a(x) 929
_bPIY
100 _aRev.Piyananda, Thebuwana
245 _aබෝධිසත්ව ගුණෝපේත ධර්මපාලතුමා
246 _aBodhisathwa gunopetha Dharmapalathuma
260 _bS.Godage
_aColombo
_c2003
300 _b20, 29 cm
650 _aAnagarika Dharmapala
650 _aBiography
942 _cBK
999 _c123059
_d123059